00379nam a2200133 a 450000500170000000800410001702000180005805000260007610000200010224500660012226000420018830000070023044000080023720140412111405.0070328s19uu xx 00 eng d a0-07-571371-3 aTR(GS 372.4bB35 2005 aBereiter , Carl aSRA Open Court Reading :bUnit 9 Assessment /cCarl Bereiter. aColumbus, Ohio :bMc Grawhill,c2005. a56 aSRA